Statistiques concernant Culture Générale - Série 552

Cliquez ici pour prendre le quiz!

Statistiques générales

  • Ce quiz a été pris 166 fois
  • Le résultat moyen est 8 sur 10

Statistiques - réponses

QuestionRéponse% Correct
Combien y a-t-il de "petits nègres" selon le titre d'un roman d'Agatha Christie ?10
96%
Quelle monnaie est familièrement appelée "billet vert" ?dollar
96%
Dans quel sport peut-on descendre en schuss ?ski
96%
Dans quel organe du corps l'artère principale nommée "aorte" prend-elle naissance ?coeur
94%
Quel superhéros est originaire de la planète Krypton ?Superman
88%
Quel est le quatrième temps simple de l'indicatif avec le futur, le passé simple et le présent ?L'imparfait
83%
Que faut-il battre "pendant qu'il est chaud" selon un célèbre proverbe ?le fer
80%
Dans quel organe du corps humain l'hypothalamus est-il situé ?cerveau
78%
Comment appelle-t-on le chien sauvage d'Australie ?dingo
67%
Pour quel artiste de cirque Edith Piaf demande-t-elle des bravos selon le titre de sa chanson de 1953 ?clown
58%

Distribution des résultats

Percentile par nombre de réponses

% des personnes avec chaque résultat

Votre développement - résultats

Vous n’avez pas pris ce quiz